Khazanah karya pusaka Asia Tenggara

Bibliographic Details
Main Author: Wan Mohd. Shaghir Abdullah Haji , 1945-2007 (Author)
Format: Book
Published: Kuala Lumpur : Khazanah Fathaniyah , 1991
Subjects:

MARC

LEADER 00000cam a2200000 7i4500
001 0000006291
005 20200220093000.0
008 021119s1991
020 |a 9839701029 (j. 1) 
020 |a 9839701037 (j. 2) 
050 0 0 |a Z6605.A6   |b W2 1991 
090 0 0 |a BP89   |b .M82 (j1-2) 
100 0 |a Wan Mohd. Shaghir Abdullah   |c Haji ,   |d 1945-2007 ,   |e author 
245 0 0 |a Khazanah karya pusaka Asia Tenggara   |c W. Mohd Shaghir Abdullah 
260 2 |a Kuala Lumpur :   |b Khazanah Fathaniyah ,   |c 1991 
300 |a 2 j. ;   |c 22 sm. 
504 |a Mengandungi bibliografi 
650 0 |a Islamic literature, Arabic   |z Southeast Asia 
650 0 |a Islamic literature, Malay   |x History and criticism 
650 0 |a Malay literature   |x History and criticism 
650 0 |a Manuscripts, Arabic   |z Southeast Asia 
999 |a 1000002000   |b Book   |c OPEN SHELF (30 DAYS)   |e Gong Badak Campus 
999 |a 1000002001   |b Book   |c OPEN SHELF (30 DAYS)   |e Gong Badak Campus 
999 |a 1000065898   |b Book   |c OPEN SHELF (30 DAYS)   |e Gong Badak Campus 
999 |a 1000065899   |b Book   |c OPEN SHELF (30 DAYS)   |e Gong Badak Campus